Los espectros de rayos roentgen : (Record no. 185617)

MARC details
000 -LEADER
campo de control de longitud fija 00931nam a2200205 i 4500
001 - NÚMERO DE CONTROL
campo de control 185617
003 - IDENTIFICADOR DE NÚMERO DE CONTROL
campo de control ES-MaACL
005 - FECHA Y HORA DE LA ÚLTIMA TRANSACCIÓN
campo de control 20250812224617.0
008 - DATOS DE LONGITUD FIJA--INFORMACIÓN GENERAL
campo de control de longitud fija 160728s1920 sp |||| | spa d
100 0# - ENTRADA PRINCIPAL--NOMBRE DE PERSONA
Nombre de persona Palacios, J.
9 (RLIN) 192357
245 14 - MENCIÓN DEL TÍTULO
Título Los espectros de rayos roentgen :
Resto del título la constitución de los átomos y la estructura de los cristales /
Mención de responsabilidad, etc. por J. Palacios.
260 ## - PUBLICACIÓN, DISTRIBUCIÓN, ETC.
Lugar de publicación, distribución, etc. Madrid :
Nombre del editor, distribuidor, etc. Junta para Ampliación de Estudios e Investigaciones Científicas. Instituto Nacional de Ciencias,
Fecha de publicación, distribución, etc. 1920.
300 ## - DESCRIPCIÓN FÍSICA
Extensión p. ;
Dimensiones 22 cm.
490 1# - MENCIÓN DE SERIE
Mención de serie Trabajos del Laboratorio de Investigaciones Físicas. Memorias de información ;
Designación de volumen o secuencia 8
710 2# - ENTRADA AGREGADA--NOMBRE DE ENTIDAD CORPORATIVA
Nombre de entidad corporativa o nombre de jurisdicción como elemento de entrada Junta para la Ampliación de Estudios e Investigaciones Científicas.
9 (RLIN) 5413
710 2# - ENTRADA AGREGADA--NOMBRE DE ENTIDAD CORPORATIVA
Nombre de entidad corporativa o nombre de jurisdicción como elemento de entrada Instituto Nacional de Ciencias Físico-Naturales.
9 (RLIN) 5145
830 10 - PUNTO DE ACCESO ADICIONAL DE SERIE-TÍTULO UNIFORME
Título uniforme Trabajos del Laboratorio de Investigaciones Físicas
Designación de volumen o secuencia 8
9 (RLIN) 192351
852 4# - LOCALIZACIÓN
Ubicación ES-MaACL
Número de control de estantería B-13198(8)
Holdings
Estatus retirado Estado de pérdida Estado de daño No para préstamo Biblioteca de origen Biblioteca actual Ubicación en estantería Fecha de adquisición Fuente de adquisición Total de préstamos Signatura topográfica completa Código de barras Visto por última vez Precio de reemplazo Tipo de ítem Koha
        Biblioteca del Ateneo de Madrid Biblioteca del Ateneo de Madrid Sala Pardo Bazán 28/07/2016     B-13198(8) 1195664 23/02/2023 23/02/2023 Libro impreso